Policy & Practice

Detalles Bibliográficos
Formato: Revista
Publicado: Washington, D.C. : American Public Human Services Association, 1943-
Materias:
Acceso en línea:http://www.vlex.com/source/7228

MARC

LEADER 00000nas a22000007a 4500
005 20130311170604.0
007 cr|||| ||||
008 130311c19439999xxuqr|p s|||| 0|||a1ebg d
022 |a 19426828  
035 |a 7228 
040 |a vLex 
090 |c 3889  |d 3889 
245 0 0 |a Policy & Practice  |h [Recurso electrn̤ico]  
256 |a Servicio en ln̕ea 
260 |a Washington, D.C. :  |b American Public Human Services Association,  |c 1943- 
300 |a 1 Recurso electrn̤ico 
506 |d vLex Global  |d vLex Global (Academic Edition, excluding Law Schools)  |d vLex Global (U.S. Academic Edition, Law Schools)  |d vLex Global (U.S. Academic Edition, excluding Law Schools)  |d vLex Global (Academic Edition, Law Schools) 
650 0 4 |a Ciencias polt̕icas  |v Revistas  |z Estados Unidos 
740 |a vLex Revistas (Servicio en ln̕ea) 
856 |a Acceso restringido  |u http://www.vlex.com/source/7228 
942 |c REV 
999 0 |a Political science